| 000 | 00490nam a22001817a 4500 | ||
|---|---|---|---|
| 003 | CEME | ||
| 005 | 20210628205016.0 | ||
| 008 | 210203b xxu||||| |||| 00| 0 eng d | ||
| 020 | _a0-674-01575-4 | ||
| 040 | _c. | ||
| 082 | _a297 KEP | ||
| 100 |
_aKepel, Gilles _973360 |
||
| 245 | _aThe war for muslim minds, islam and the west | ||
| 260 |
_aUSA _bPLUTO PRESS _c2004 |
||
| 300 | _a328P | ||
| 650 |
_aEAST AND WEST, ISLAM 21ST CENTURY, WAR ON TERRORISM 2001 _973361 |
||
| 942 |
_cBK _2ddc |
||
| 999 |
_c579124 _d579124 |
||